000 00217nam a2200097Ia 4500
008 240331s9999 xx 000 0 und d
082 _a303
_bRAT
100 _aRatnapala, N
245 0 _aSri Lankave yachakaya
942 _cL
999 _c1274
_d1274